LEADER 01423nam 2200385Ia 450 001 996384496403316 005 20200824132909.0 035 $a(CKB)4940000000072830 035 $a(EEBO)2240856838 035 $a(OCoLC)ocm11146863e 035 $a(OCoLC)11146863 035 $a(EXLCZ)994940000000072830 100 $a19840912d1663 uy | 101 0 $aeng 135 $aurbn||||a|bb| 200 14$aThe black book of conscience, or, God's high court of iustice in the soul$b[electronic resource] $ewherein the truth and sincerity, the deceit and hypocrisie of every mans heart and ways is judged and discovered by their consciences : very seasonable for these times wherein wicked men, under pretence of liberty of conscience, take liberty to sin and blaspheme /$fby Andrew Iones 205 $aThe 22th edition. 210 $aLondon $cPrinted for Eliz. Andrews$d1663 215 $a[22] p 300 $aReproduction of original in the British Library. 330 $aeebo-0018 606 $aLiberty of conscience$zEngland 606 $aConscience 615 0$aLiberty of conscience 615 0$aConscience. 700 $aJones$b Andrew$0569681 801 0$bUMI 801 1$bUMI 801 2$bOCL 801 2$bUMI 801 2$bWaOLN 906 $aBOOK 912 $a996384496403316 996 $aThe black book of conscience, or, God's high court of iustice in the soul$92417022 997 $aUNISA LEADER 01504nam 2200361 n 450 001 996391832203316 005 20221108012842.0 035 $a(CKB)4940000000108089 035 $a(EEBO)2248531268 035 $a(UnM)99862785 035 $a(EXLCZ)994940000000108089 100 $a19930219d1648 uy | 101 0 $aeng 135 $aurbn||||a|bb| 200 14$aThe safest convoy, or, the strongest helper$b[electronic resource] $eDeclared in a valedictory sermon, before the Right Honourable Sir Thomas Bendih [sic] baronet. His Majesties ambassadour, now resident with the Grand Seigneur at Constantinople. /$fDelivered in Dionis Back-Church, by Nathanaell Hardy, preacher to that parish 210 $aLondon $cPrinted for Nathanael Web, and William Grantham, at the Greyhound in Pauls Church-yard$d1649 [i.e. 1648] 215 $a[6], 26 p 300 $aAnnotation on Thomason copy: "8ber 4"; the 9 in imprint date crossed out and date altered to read 1648. 300 $aReproduction of the original in the British Library. 330 $aeebo-0018 606 $aSermons, English$y17th century 606 $aFarewell sermons$vEarly works to 1800 615 0$aSermons, English 615 0$aFarewell sermons 700 $aHardy$b Nathaniel$f1618-1670.$0821523 801 0$bCu-RivES 801 1$bCu-RivES 801 2$bCStRLIN 801 2$bWaOLN 906 $aBOOK 912 $a996391832203316 996 $aThe safest convoy, or, the strongest helper$92392791 997 $aUNISA